| 000 | 00663cam7a220022900 4500 | ||
|---|---|---|---|
| 001 | zam00003260 | ||
| 008 | 951128s1973 xx eng u | ||
| 035 | _a(Sirsi) r20592 | ||
| 035 | _a(MACHINE)SLC. | ||
| 100 |
_aHunt, D. _6A82000.1 |
||
| 245 | 1 | 0 | _aFarm Power and Machining Management. |
| 260 | _c1973. | ||
| 949 |
_aS675 _wlcc _i-19404 _mMAIN _tBOOK _lON-SHELF |
||
| 949 |
_aS675 _wlcc _i-19405 _mMAIN _tBOOK _lON-SHELF |
||
| 004 | 20592 | ||
| 591 | _aClass code: AE 413. | ||
| 591 | _aCourse: Agriculture Mechanisation. | ||
| 591 | _aLecturer: Mr KAMANGA, C. | ||
| 591 | _aSchool: S02. | ||
| 900 |
_2MAIN _8S675 _9Hun _c2 |
||
| 909 | _aBook | ||
| 999 |
_c172069 _d172069 |
||